Statystyki dla Wszystkie reprezentacje które kiedykolwiek zagrały na Euro

Kliknij tutaj aby rozwiązać quiz!

Ogólne statystyki

  • Ten quiz został rozwiązany 92 razy
  • Średni wynik to 33 z 37

Statystyki odpowiedzi

Ilość WystępówNajlepszy WynikReprezentacja% Poprawnych
4ĆwierćfinałPolska
100%
10MistrzostwoFrancja
99%
13MistrzostwoNiemcy
99%
11MistrzostwoHiszpania
98%
8MistrzostwoPortugalia
98%
3ĆwierćfinałUkraina
98%
31/8 finałuIrlandia
96%
10MistrzostwoWłochy
96%
7WicemistrzostwoCzechy
95%
1Faza GrupowaFinlandia
95%
10MistrzostwoHolandia
95%
1Faza GrupowaNorwegia
95%
6PółfinałRosja
95%
10PółfinałAnglia
94%
6WicemistrzostwoBelgia
94%
6ĆwierćfinałChorwacja
93%
4MistrzostwoGrecja
93%
21/8 finałuSłowacja
93%
5PółfinałSzwecja
93%
4PółfinałWęgry
93%
9MistrzostwoDania
90%
3Faza GrupowaSzkocja
90%
5ĆwierćfinałSzwajcaria
90%
1ĆwierćfinałIslandia
89%
1Faza GrupowaAlbania
88%
31/8 finałuAustria
88%
5ĆwierćfinałRumunia
88%
2PółfinałWalia
88%
1Faza GrupowaSłowenia
85%
2Faza GrupowaBułgaria
84%
11/8 finałuIrlandia Północna
84%
1Faza GrupowaŁotwa
82%
1Faza GrupowaMacedonia Północna
78%
4WicemistrzostwoJugosławia
77%
5PółfinałTurcja
77%
5MistrzostwoZSRR
73%
3MistrzostwoCzechosłowacja
65%

Rozkład punktacji

Percentyl według liczby udzielonych odpowiedzi

Procent ludzi z każdym wynikiem

Twoja historia wyników

Nie rozwiązałeś tego quizu